Statistiques concernant Pays en B - 1 minute Sprint

Cliquez ici pour prendre le quiz!

Statistiques générales

  • Ce quiz a été pris 308 fois
  • Le résultat moyen est 10 sur 18

Statistiques - réponses

HintRéponse% Correct
EuropeBelgique
81%
Amérique Du SudBolivie
73%
AsieBhoutan
64%
Amérique Du SudBrésil
62%
AsieBirmanie
58%
EuropeBiélorussie
55%
Amérique Du NordBahamas
53%
Amérique Du NordBelize
53%
AfriqueBotswana
53%
EuropeBulgarie
53%
AfriqueBénin
52%
Amérique Du NordBarbade
48%
EuropeBosnie-Herzégovine
48%
AsieBrunei
48%
AsieBangladesh
46%
AsieBahreïn
44%
AfriqueBurkina Faso
43%
AfriqueBurundi
43%

Distribution des résultats

Percentile par nombre de réponses

% des personnes avec chaque résultat

Votre développement - résultats

Vous n’avez pas pris ce quiz